Ucelený systém environmentálneho práva Minister J. Zlocha vystúpil na 19. mimoriadnom zasadaní VZ OSN

Bibliographic Details
Main Author: Zlocha, Jozef, 1940-2001 (Author)
Format: Article
Language:Slovak
Subjects:

MARC

LEADER 00000nab a2200000 a 4500
001 vtls000625776
003 SK-MaSNL
005 20260304225305.0
008 160401c1997 xo 0 slo
015 |a SNBRB19rr/mm-uuuuu 
035 |a CL0625915 
040 |a SNKBUCL  |b slo  |c SNKBUCL  |e AACR2 
041 0 |a slo 
044 |a xo  |c SK 
080 |a 504.06:061.1(100):061.3  |2 1981 
080 |a 061.1(100)  |2 1981 
245 0 0 |a Ucelený systém environmentálneho práva  |b Minister J. Zlocha vystúpil na 19. mimoriadnom zasadaní VZ OSN 
650 0 7 |a životné prostredie  |2 snkbucl  |9 786 
650 0 7 |a trvalo udržateľný rozvoj  |2 snkbucl  |9 3353 
650 0 7 |a Valné zhromaždenie OSN  |2 snkbucl  |9 901929 
655 7 |a články z novín a časopisov  |2 snkbucl  |9 267496 
700 1 |a Zlocha, Jozef,  |d 1940-2001  |4 aut  |9 29060 
773 0 |t Slovenská republika  |g Roč. 5, č. 146 (26. 6. 1997), s. 7 
850 |a Slovenská národná knižnica v Martine  |a MTA001 
852 |a SNK  |b KIS3GCP 
958 |a SK 
958 |a RK 
958 |a RBX 
958 |a OSN 
999 |c 3176708  |d 3178638